| 000 | 00463nam a2200169Ia 4500 | ||
|---|---|---|---|
| 008 | 221030s9999 xx 000 0 und d | ||
| 020 | _a0195628926 | ||
| 041 | _aEnglish | ||
| 082 |
_a105.23 _bSen |
||
| 100 | _aA. Sen | ||
| 245 | 2 | _aA Variety of Plasmas - Proceedings of the 1989 International Conference on Plasma Physics | |
| 260 |
_bIndian Academy of Sciences _aBangalore _c1991 |
||
| 300 | _a554 | ||
| 650 | _aPhysics | ||
| 700 | _aP. K. Kaw | ||
| 942 | _cBK | ||
| 999 |
_c1576 _d1576 |
||